| 000 | 01494cam a2200433 ib4500 | ||
|---|---|---|---|
| 999 |
_c10283 _d10283 |
||
| 001 | vtls000671447 | ||
| 003 | NUKAT | ||
| 005 | 20180523085922.0 | ||
| 008 | 060406s1970 pl a f f |001 0 pol c | ||
| 035 | _azz2006825444 | ||
| 039 | 9 |
_a201710110745 _bvpsl _c201710110124 _dVLOAD _c201710101039 _dqlb _c201710091345 _dvpsl |
|
| 040 |
_aLUBL KUL/ak _cLUBL KUL/ak _dLUBL KUL/MC _dŁ U/MSs _dOLSZT 003/bak _dGL 001/ML |
||
| 100 | 1 |
_aPiekara, Arkadiusz Henryk _d(1904-1989). |
|
| 245 | 1 | 0 |
_aElektryczność i magnetyzm : _bpodręcznik dla szkół wyższych / _cArkadiusz H. Piekara. |
| 250 | _aWyd. 3. rozsz. | ||
| 260 |
_aWarszawa : _bPaństwowe Wydawnictwo Naukowe, _c1970. |
||
| 300 |
_a435 s. : _bil., err. ; _c24 cm. |
||
| 490 | 1 |
_aElektryczność i budowa materii / Arkadiusz H. Piekara ; _vcz. 1 |
|
| 504 | _aIndeks. | ||
| 650 |
_aElektryczność _vpodręczniki akademickie. |
||
| 650 |
_aMagnetyzm _vpodręczniki akademickie. |
||
| 951 | _aKIEL_010 | ||
| 710 | 2 |
_aPaństwowe Wydawnictwo Naukowe (1951-1992). _4pbl _9995 |
|
| 800 | 1 |
_aPiekara, Arkadiusz Henryk _d(1904-1989). _tElektryczność i budowa materii _vcz. 1 |
|
| 942 |
_2ddc _cBK |
||
| 956 | _aKR_119 | ||
| 960 | _aGD_101 | ||
| 980 | _aSZCZ_ZUT | ||